Central Library OPAC University of Rajshahi

Exploring the physical sciences / (Record no. 6639)

MARC details
000 -LEADER
fixed length control field 00764cam a2200241u 4500
001 - CONTROL NUMBER
control field 6639
003 - CONTROL NUMBER IDENTIFIER
rucl marc code BD-RjUL
005 - DATE AND TIME OF LATEST TRANSACTION
control field 20211208234302.0
008 - FIXED-LENGTH DATA ELEMENTS--GENERAL INFORMATION
fixed length control field 110114s1965 njua 000 0 eng
035 ## - SYSTEM CONTROL NUMBER
System control number (BD-RjUL)6680
040 ## - CATALOGING SOURCE
Original cataloging agency DLC
Transcribing agency CarP
Modifying agency DLC
-- BD-RjUL
Language of cataloging eng
041 ## - LANGUAGE CODE
Language code of text/sound track or separate title eng
082 04 - DEWEY DECIMAL CLASSIFICATION NUMBER
Edition number 18
Classification number 500
Author mark and year POE 1965
100 1# - MAIN ENTRY--PERSONAL NAME
Personal name Poppy, Willard J.,
Dates associated with a name 1907- [from old catalog]
9 (RLIN) 20866
245 10 - TITLE STATEMENT
Title Exploring the physical sciences /
Statement of responsibility, etc. Willard J Poppy; Leland L Wilson.
260 ## - PUBLICATION, DISTRIBUTION, ETC. (IMPRINT)
Place of publication, distribution, etc. Englewood Cliffs, N.J.,
Name of publisher, distributor, etc. Prentice-Hall
Date of publication, distribution, etc. c1965.
300 ## - PHYSICAL DESCRIPTION
Pagination viii, 376 p. :
Illustrations illus. (part col.) ;
Size 25 cm.
650 #0 - SUBJECT ADDED ENTRY--TOPICAL TERM
Topical term or geographic name as entry element Science.
9 (RLIN) 20867
700 1# - ADDED ENTRY--PERSONAL NAME
Personal name Wilson, Leland L., [from old catalog]
Relator term joint author.
942 ## - ADDED ENTRY ELEMENTS (KOHA)
Source of classification or shelving scheme Dewey Decimal Classification
Koha item type Books
Holdings
Lost status Source of classification or shelving scheme Damaged status Not for loan Permanent Location Current Location Shelving location Date acquired Source of acquisition Cost, normal purchase price Total Checkouts Full call number Date last seen Copy number Koha item type
  Dewey Decimal Classification   Not For Loan Central Library, University of Rajshahi Central Library, University of Rajshahi   29/06/1967 Stanford uni. 0.00   500 POE 1965 11/01/2014 C-1 Books